000 01637cam a2200337 a 4500
999 _c3900
_d3900
001 15401090
003 GZU
005 20210310120919.0
008 080806s2008 enk b 001 0 eng
010 _a 2008034977
020 _a9780199596393
020 _a0199236976 (alk. paper)
035 _a(OCoLC)ocn243605796
035 _a(OCoLC)243605796
040 _aDLC
_cDLC
_dBAKER
_dYDXCP
_dBWKUK
_dBWK
_dGUL
_dDLC
043 _ae-uk---
050 0 0 _aKD2088
_b.C485 2008
082 0 0 _a346.41/0664
_222
100 1 _aCheffins, Brian R.
245 1 0 _aCorporate ownership and control :
_bBritish business transformed /
_cBrian R. Cheffins.
260 _aOxford ;
_aNew York :
_bOxford University Press,
_c2008.
300 _axviii, 423 p. ;
_c25 cm.
504 _aIncludes bibliographical references and indexes.
505 0 _aSetting the scene -- The determinants of ownership and control : current theories -- The 'sell side' -- The 'buy side' -- Up to 1880 -- 1880-1914 -- The separation of ownership and control by 1914 -- 1914-1939 -- 1940-1990 : the sell side -- 1940-1990 : the buy side -- Epilogue : challenges to the UK system of ownership and control.
650 0 _aCorporate governance
_xLaw and legislation
_zGreat Britain
_xHistory.
650 0 _aCorporate governance
_zGreat Britain
_xHistory.
856 4 1 _3Table of contents only
_uhttp://www.loc.gov/catdir/toc/ecip0825/2008034977.html
906 _a7
_bcbc
_corignew
_d1
_eecip
_f20
_gy-gencatlg
942 _2lcc
_cBK
_h2088
_iCHE
_kKD
_m2008